Studies in Applied Propability and Management Science (Record no. 5244)
[ view plain ]
| 000 -LEADER | |
|---|---|
| fixed length control field | 02165cam a22002294a 4500 |
| 005 - ΗΜΕΡΟΜΗΝΙΑ ΚΑΙ ΩΡΑ ΤΕΛΕΥΤΑΙΑΣ ΕΝΗΜΕΡΩΣΗΣ | |
| Πεδίο ελέγχου | 20250605164207.0 |
| 008 - FIXED-LENGTH DATA ELEMENTS--GENERAL INFORMATION | |
| Πεδίο ελέγχου σταθερού μήκους | 250528s ||||||||||||||||||||||||d |
| 035 ## - SYSTEM CONTROL NUMBER | |
| System control number | 20105 |
| 020 ## - ISBN | |
| ISBN | 804700990 |
| 040 ## - ΠΗΓΗ ΚΑΤΑΛΟΓΟΓΡΑΦΗΣΗΣ | |
| Φορέας πρωτότυπης καταλογογράφησης | MC Athens Campus Library |
| Γλώσσα καταλογογράφησης | Ελληνικά, Μοντέρνα (1453-) |
| Modifying agency | MC Athens Campus Library |
| Κανόνες περιγραφικής καταλογογράφησης | AACR2 |
| 245 1# - ΤΙΤΛΟΣ ΚΑΙ ΔΗΛΩΣΗ ΥΠΕΥΘΥΝΟΤΗΤΑΣ | |
| Τίτλος | Studies in Applied Propability and Management Science |
| 260 ## - PUBLICATION, DISTRIBUTION, ETC. | |
| Name of publisher, distributor, etc. | Stanford University Press, |
| Date of publication, distribution, etc. | 1962 |
| 300 ## - PHYSICAL DESCRIPTION | |
| Extent | 290 |
| 505 0# - FORMATTED CONTENTS NOTE | |
| Formatted contents note | Optimal Capital Adjustment, Repairman Problems, Applications of Semi-Markov Processes to Counter Problems, Planned Replacement, Approximate Solutions to a Simple Multi-Echelon Inventory Problem, The Time Dependent Solution for a Dam with Ordered Poison Inputs, Limiting Distributions for Some Storage Problems, Optimal Policy for Dynamic Inventory Process with Non-Stationary Stochastic Demands, Stochastic Models and Optimal Policy for Selling an Asset, Prices and Optimal Inventory Policy, Markov Renewal Processes of Zero Order and Their Application to Counter Theory, Optimal Replacement and Inspection of Stochastically Failing Equipment, Approximations to Optimal Policies in a Dynamic Inventory Model, Steady-State Properties of Selected Inventory Models, Inventory Depletion Policies. |
| 520 ## - SUMMARY, ETC. | |
| Summary, etc. | Optimal Capital Adjustment, Repairman Problems, Applications of Semi-Markov Processes to Counter Problems, Planned Replacement, Approximate Solutions to a Simple Multi-Echelon Inventory Problem, The Time Dependent Solution for a Dam with Ordered Poison Inputs, Limiting Distributions for Some Storage Problems, Optimal Policy for Dynamic Inventory Process with Non-Stationary Stochastic Demands, Stochastic Models and Optimal Policy for Selling an Asset, Prices and Optimal Inventory Policy, Markov Renewal Processes of Zero Order and Their Application to Counter Theory, Optimal Replacement and Inspection of Stochastically Failing Equipment, Approximations to Optimal Policies in a Dynamic Inventory Model, Steady-State Properties of Selected Inventory Models, Inventory Depletion Policies. |
| 700 1# - ΠΡΟΣΘΕΤΗ ΑΝΑΓΡΑΦΗ--ΦΥΣΙΚΟ ΠΡΟΣΩΠΟ | |
| Personal name | Arrow Kenneth J. |
| 9 (RLIN) | 6154 |
| 700 1# - ΠΡΟΣΘΕΤΗ ΑΝΑΓΡΑΦΗ--ΦΥΣΙΚΟ ΠΡΟΣΩΠΟ | |
| Personal name | Karlin Samuel |
| 9 (RLIN) | 4802 |
| 700 1# - ΠΡΟΣΘΕΤΗ ΑΝΑΓΡΑΦΗ--ΦΥΣΙΚΟ ΠΡΟΣΩΠΟ | |
| Personal name | Scarf Herbert |
| 9 (RLIN) | 6155 |
| 942 ## - ADDED ENTRY ELEMENTS (KOHA) | |
| Koha item type | Books |
| Τύπος τεκμηρίου | Βιβλιοθήκη | Τρέχουσα τοποθεσία | Barcode | Αριθμός εισαγωγής | Ημερομηνία απόκτησης | Ταξιθετικό σύμβολο | Αριθμός αντιτύπου | Κατάσταση απόσυρσης | Κατάσταση χαμένου | Κατάσταση κατεστραμμένου | Μη δανεισμός | Σύνολο δανεισμών | Ημερομηνία τελευταίας εμφάνισης | Η τιμή ισχύει από |
|---|---|---|---|---|---|---|---|---|---|---|---|---|---|---|
| Books | MC Athens Campus Library | MC Athens Campus Library | 9780000052438 | 6326 | 05/06/2025 | 658.018 ARR | 1 | 05/06/2025 | 05/06/2025 |